| 000 | 01813ctm a2200385 i 4500 | ||
|---|---|---|---|
| 999 |
_c282 _d282 |
||
| 001 | 005527474 | ||
| 003 | OCoLC | ||
| 005 | 20190805105456.0 | ||
| 008 | 150327r20142014enka e 001 e eng | ||
| 015 |
_aGBB556922 _2bnb |
||
| 020 |
_a9780141975863 _q(paperback) : |
||
| 020 |
_a0141975865 _q(paperback) |
||
| 035 |
_a(OCoLC)921327231 _z(OCoLC)919075994 |
||
| 040 |
_aAU@ _beng _erda _cAU@ _dOCLCO _dOCLCF _dOCLCO _dUKDEL _dYDXCP _dOCLCQ _dNCTU |
||
| 042 | _anbic | ||
| 082 | 0 | 4 |
_a510.207 PAR _223 |
| 100 | 1 |
_aParker, Matt _c(Mathematician), _eauthor. |
|
| 245 | 1 | 0 |
_aThings to make and do in the fourth dimension / _cMatt Parker. |
| 260 | _c2015. | ||
| 264 | 1 |
_aLondon : _bPenguin Books, _c2015. |
|
| 264 | 4 | _c©2014. | |
| 300 |
_a465 pages : _billustrations ; _c20 cm. |
||
| 336 |
_atext _btxt _2rdacontent. |
||
| 336 |
_astill image _bsti _2rdacontent. |
||
| 337 |
_aunmediated _bn _2rdamedia. |
||
| 338 |
_avolume _bnc _2rdacarrier. |
||
| 500 | _aIncludes index. | ||
| 520 | _aThe complete guide to exploring the fascinating world of maths you were never told about at school. Stand-up comedian and mathematician Matt Parker uses bizarre Klein Bottles, unimaginably small pizza slices, knots no one can untie and computers built from dominoes to reveal some of the most exotic and fascinating ideas in mathematics. Starting with simple numbers and algebra, this book goes on to deal with inconceivably big numbers in more dimensions than you ever knew existed. And always with something for you to make or do along the way. | ||
| 650 | 0 |
_aMathematics _vPopular works. |
|
| 650 | 0 | _aMathematical recreations. | |
| 650 | 7 |
_aMathematical recreations. _2fast _0(OCoLC)fst01012120. |
|
| 650 | 7 |
_aMathematics. _2fast _0(OCoLC)fst01012163. |
|
| 655 | 7 |
_aPopular works. _2fast _0(OCoLC)fst01423846. |
|
| 942 |
_2ddc _cNFIC |
||